[Event "East Lansing (MOR/6/12)"]
[Site "?"]
[Date "1995.??.??"]
[Round "?"]
[White "Smeckert, Dennis"]
[Black "Turkalo, A."]
[Result "1-0"]
[WhiteElo "1605"]
[BlackElo "1700"]
[PlyCount "61"]
[EventDate "1995.??.??"]

{6/(12)} 1. e4 c5 2. Nc3 d6 3. g3 g6 4. Bg2 Bg7 5. d3 Nc6 6. f4 Rb8 7. Rb1 Bd7
8. Nf3 Nd4 9. Be3 e6 10. O-O Ne7 11. Ne2 Nec6 12. g4 f5 13. Nfxd4 cxd4 14. Bf2
fxg4 15. Ng3 h5 16. h4 Qxh4 17. Nf5 Qf6 18. Nxd6+ Ke7 19. Nb5 a6 20. e5 Qf7 21.
Bh4+ Kf8 22. Nd6 Qg8 23. Be4 Ne7 24. c3 Nf5 25. Bxf5 gxf5 26. cxd4 Bc6 27. Qb3
Bh6 28. Rbc1 Bd5 29. Qb4 Rh7 30. Nxf5+ Kf7 31. Qe7+ 1-0

[Event "Detroit (WCO/4/10)"]
[Site "?"]
[Date "1995.??.??"]
[Round "?"]
[White "Smeckert, Dennis"]
[Black "Strimpel, D."]
[Result "1-0"]
[WhiteElo "1605"]
[BlackElo "1605"]
[PlyCount "59"]
[EventDate "1995.??.??"]

{4/(10)} 1. e4 e5 2. Bc4 Nf6 3. d3 h6 4. f4 Bd6 5. f5 Nc6 6. Nf3 Bc5 7. Nc3 O-O
8. Na4 d6 9. Nxc5 dxc5 10. Be3 b6 11. h3 Nd4 12. c3 Nxf3+ 13. Qxf3 a6 14. O-O-O
b5 15. Bb3 Qe7 16. g4 Rd8 17. h4 Ne8 18. g5 Rd7 19. gxh6 gxh6 20. Rhg1+ Ng7 21.
f6 Qd8 22. Rxg7+ Kf8 23. Bxh6 Bb7 24. Rh7+ Kg8 25. Rg7+ Kf8 26. Qg3 Qxf6 27.
Rxf7+ Ke8 28. Rxf6 Rad8 29. Qg6+ Ke7 30. Qf7# 1-0

[Event "Lansing (Mini-Swiss.3/1)"]
[Site "?"]
[Date "1995.??.??"]
[Round "?"]
[White "Smeckert, Dennis"]
[Black "Stark, A."]
[Result "1-0"]
[WhiteElo "1605"]
[BlackElo "1605"]
[PlyCount "53"]
[EventDate "1995.??.??"]

{3/(1)} 1. e4 e5 2. Bc4 Nf6 3. d3 a6 4. f4 d6 5. Nf3 Qe7 6. O-O b5 7. Bb3 Be6
8. c3 Bg4 9. f5 Nc6 10. Be3 Na5 11. Bc2 c6 12. Nbd2 d5 13. h3 Bxf3 14. Qxf3 Qd7
15. g4 Nb7 16. g5 dxe4 17. dxe4 Ng8 18. Rad1 Bc5 19. Nc4 bxc4 20. Rxd7 Kxd7 21.
f6 gxf6 22. Qf5+ Ke7 23. gxf6+ Nxf6 24. Qxf6+ Ke8 25. Qxh8+ Kd7 26. Rxf7+ Kd6
27. Qf6# 1-0

[Event "Ann Arbor (HVA/1/5)"]
[Site "?"]
[Date "1995.??.??"]
[Round "?"]
[White "Smeckert, Dennis"]
[Black "Skidmore, Mike"]
[Result "0-1"]
[WhiteElo "1605"]
[BlackElo "1950"]
[PlyCount "84"]
[EventDate "1995.??.??"]

{1/(5)} 1. e4 c6 2. d4 d5 3. Nc3 dxe4 4. Nxe4 Bf5 5. Ng3 Bg6 6. h4 h6 7. Be3
Nf6 8. h5 Bh7 9. Bd3 Bxd3 10. Qxd3 e6 11. N1e2 Nd5 12. O-O-O Nb4 13. Qb3 a5 14.
a4 Qc8 15. c4 Nd7 16. Nc3 Nf6 17. Rhe1 b5 18. Bf4 bxc4 19. Qxc4 Nbd5 20. Be5
Be7 21. Nxd5 cxd5 22. Qxc8+ Rxc8+ 23. Kb1 O-O 24. f4 Ng4 25. f5 Nxe5 26. dxe5
Bh4 27. Re3 Rc4 28. Ne2 Rb8 29. fxe6 fxe6 30. Rd4 Rbb4 31. Rxc4 Rxc4 32. Rb3
Re4 33. Nc3 Re1+ 34. Ka2 Be7 35. Rb5 Bb4 36. Nxd5 exd5 37. Rxd5 Re2 38. Kb3
Rxg2 39. Rd4 Re2 40. Rxb4 Re3+ 41. Kc4 Re4+ 42. Kd5 Rxb4 0-1

[Event "Gaylord (NMO/3/17)"]
[Site "?"]
[Date "1995.??.??"]
[Round "?"]
[White "Smeckert, Dennis"]
[Black "Rodriguez, P."]
[Result "1-0"]
[WhiteElo "1605"]
[BlackElo "1605"]
[PlyCount "95"]
[EventDate "1995.??.??"]

{3/(17)} 1. e4 c5 2. Nc3 d6 3. g3 Nf6 4. Bg2 Nc6 5. d3 g6 6. f4 Bg7 7. Nf3 Bg4
8. O-O O-O 9. h3 Bxf3 10. Bxf3 Nd4 11. Bg2 Qd7 12. Be3 Ne8 13. Ne2 Nxe2+ 14.
Qxe2 Bxb2 15. Rab1 Bg7 16. g4 e5 17. f5 Nc7 18. f6 Bh8 19. Rxb7 Rfb8 20. Rb3
Qa4 21. h4 Ne8 22. g5 Rb4 23. h5 c4 24. Rxb4 Qxb4 25. hxg6 hxg6 26. Rf3 Rc8 27.
dxc4 Rxc4 28. Rh3 Qb1+ 29. Kh2 Qxa2 30. Bxa7 Rxc2 31. Qg4 Rxg2+ 32. Qxg2 Qxg2+
33. Kxg2 Nc7 34. Rd3 Ne6 35. Be3 Kf8 36. Rxd6 Ke8 37. Rd5 Nf4+ 38. Bxf4 exf4
39. Kf3 Bxf6 40. gxf6 g5 41. Rxg5 Kd7 42. Kxf4 Ke6 43. e5 Kd7 44. Rg7 Ke8 45.
Kf5 Kf8 46. e6 fxe6+ 47. Kxe6 Ke8 48. Rg8# 1-0

[Event "Troy (US Am N/2/41)"]
[Site "?"]
[Date "1995.??.??"]
[Round "?"]
[White "Smeckert, Dennis"]
[Black "Ratkos, J."]
[Result "0-1"]
[WhiteElo "1605"]
[BlackElo "1605"]
[PlyCount "22"]
[EventDate "1995.??.??"]

{2/(41)} 1. e4 e5 2. Nf3 Nc6 3. Bb5 Nf6 4. O-O Nxe4 5. Bxc6 dxc6 6. Re1 Bf5 7.
d3 Nf6 8. Rxe5+ Be6 9. Ng5 Qd6 10. Qe2 Ng4 11. Re4 Qxh2+ 0-1

[Event "Troy (TCC Res/2/19)"]
[Site "?"]
[Date "1995.??.??"]
[Round "?"]
[White "Smeckert, Dennis"]
[Black "Prince, S."]
[Result "1/2-1/2"]
[WhiteElo "1605"]
[BlackElo "1605"]
[PlyCount "79"]
[EventDate "1995.??.??"]

{2/(19)} 1. e4 c5 2. Nc3 d6 3. g3 Nf6 4. Bg2 Bd7 5. h3 Nc6 6. d3 e6 7. Be3 Be7
8. f4 O-O 9. Nf3 d5 10. Ne2 dxe4 11. dxe4 Nxe4 12. O-O Qc7 13. c3 e5 14. Qc2 f5
15. Nh2 Nf6 16. Rad1 e4 17. a3 a5 18. Nc1 a4 19. Qf2 Ra5 20. Rd2 b5 21. Bxc5
Bxc5 22. Qxc5 b4 23. Qc4+ Kh8 24. cxb4 Qb6+ 25. Rff2 e3 26. Rxd7 exf2+ 27. Kf1
Nxd7 28. bxa5 Qxb2 29. Qxc6 Re8 30. Be4 Nf6 31. Qc2 Qxc2 32. Bxc2 Re1+ 33. Kxf2
Rxc1 34. Bxa4 Ra1 35. Bb5 Rxa3 36. a6 Ra5 37. Bd3 g6 38. Nf3 Ne4+ 39. Ke3 Nc5
40. Be2 1/2-1/2

[Event "Detroit (WCO/2/9)"]
[Site "?"]
[Date "1995.??.??"]
[Round "?"]
[White "Smeckert, Dennis"]
[Black "Mahabir, Jagdesh"]
[Result "0-1"]
[WhiteElo "1605"]
[BlackElo "1605"]
[PlyCount "130"]
[EventDate "1995.??.??"]

{2/(9)} 1. e4 d6 2. d4 Nf6 3. Nc3 g6 4. Bd3 Bg7 5. h3 O-O 6. Be3 e5 7. d5 c6 8.
dxc6 Nxc6 9. Nge2 Be6 10. O-O d5 11. exd5 Nxd5 12. Ne4 Nxe3 13. fxe3 f5 14. Nc5
Bd5 15. e4 Qb6 16. exd5 Qxc5+ 17. Kh1 Qxd5 18. b3 Kh8 19. Bc4 Qxd1 20. Raxd1
Rfd8 21. a3 Rxd1 22. Rxd1 Rd8 23. Rxd8+ Nxd8 24. a4 Nc6 25. Bd5 e4 26. c3 Na5
27. Kg1 Be5 28. Kf2 Kg7 29. b4 Nc6 30. b5 Nd8 31. a5 b6 32. axb6 axb6 33. Ke3
Kf6 34. Nd4 Bd6 35. Ke2 Bc5 36. Bg8 h6 37. Nc6 Nxc6 38. bxc6 Bd6 39. Ke3 Ke5
40. h4 f4+ 41. Ke2 g5 42. hxg5 hxg5 43. Bf7 b5 44. Bh5 Bc7 45. Bg6 Kd5 46. Bf5
e3 47. Bd7 Kc4 48. g3 Kxc3 49. gxf4 gxf4 50. Bf5 b4 51. Kd1 f3 52. Be4 f2 53.
Ke2 b3 54. Bd3 Kd4 55. Bb1 Kd5 56. Bd3 b2 57. Kf1 Kxc6 58. Ke2 Kc5 59. Kxe3
f1=Q 60. Bxf1 b1=Q 61. Ba6 Qb3+ 62. Kf2 Kd4 63. Bf1 Qe3+ 64. Kg2 Qg3+ 65. Kh1
Qh2# 0-1

[Event "East Lansing (Class DE/4/1)"]
[Site "?"]
[Date "1995.??.??"]
[Round "?"]
[White "Smeckert, Dennis"]
[Black "Gaiefsky, S."]
[Result "1-0"]
[WhiteElo "1605"]
[BlackElo "1605"]
[PlyCount "71"]
[EventDate "1995.??.??"]

{4/(1)} 1. e4 g6 2. d4 Bg7 3. Be3 d6 4. Nc3 Nf6 5. h3 O-O 6. f4 c6 7. Qd2 d5 8.
e5 Ne4 9. Nxe4 dxe4 10. g4 f5 11. Bc4+ e6 12. gxf5 Rxf5 13. O-O-O b5 14. Bf1
Qd5 15. Kb1 a5 16. Ne2 b4 17. Ng3 Rf7 18. Bg2 Kh8 19. Nxe4 Qd8 20. h4 Bb7 21.
Nc5 Qe8 22. h5 gxh5 23. Be4 Na6 24. Nxb7 Rxb7 25. Rh4 Rc7 26. Qh2 Raa7 27. Rxh5
h6 28. Bd3 Nb8 29. d5 Rab7 30. d6 Rd7 31. Rg5 Qf8 32. Rg6 Qe8 33. Qh3 Qf8 34.
Rxe6 Rf7 35. Qg4 Qc8 36. Rxh6+ 1-0

[Event "Grand Rapids (MI Am/5/30)"]
[Site "?"]
[Date "1995.??.??"]
[Round "?"]
[White "Smeckert, Dennis"]
[Black "Fuson, R."]
[Result "1-0"]
[WhiteElo "1605"]
[BlackElo "1605"]
[PlyCount "85"]
[EventDate "1995.??.??"]

{5/(30)} 1. e4 e5 2. Nf3 Nc6 3. Bc4 Nf6 4. d3 Bc5 5. O-O O-O 6. Nc3 d6 7. Na4
Be6 8. Bxe6 fxe6 9. Nxc5 dxc5 10. Be3 Nd4 11. Nxe5 Qd6 12. f4 Nd7 13. Nxd7 Qxd7
14. c3 Nc6 15. Bxc5 Rf7 16. Be3 Raf8 17. Qd2 b6 18. d4 Ne7 19. Rf3 Ng6 20. Qf2
h5 21. Rf1 a5 22. e5 Qd5 23. Qc2 Rf5 24. Qb3 Nh4 25. Qxd5 exd5 26. R3f2 Kf7 27.
g3 Ng6 28. h3 Ke7 29. g4 hxg4 30. hxg4 R5f7 31. f5 Rh8 32. f6+ gxf6 33. Rxf6
Rxf6 34. Bg5 Kd7 35. Bxf6 Rf8 36. g5 Ke6 37. Kg2 Nh4+ 38. Kh3 Nf5 39. g6 Ng7
40. Kg4 Rg8 41. Bxg7 Rxg7 42. Rf6+ Ke7 43. Kg5 1-0

[Event "East Lansing (MOR/2/29)"]
[Site "?"]
[Date "1995.??.??"]
[Round "?"]
[White "Smeckert, Dennis"]
[Black "Distefano, R."]
[Result "0-1"]
[WhiteElo "1605"]
[BlackElo "1605"]
[PlyCount "60"]
[EventDate "1995.??.??"]

{2/(29)} 1. e4 c5 2. Nc3 Nc6 3. g3 g6 4. Bg2 Bg7 5. d3 d6 6. f4 e6 7. Nf3 Nge7
8. O-O O-O 9. Be3 Rb8 10. Rb1 b5 11. Ne2 Qc7 12. g4 b4 13. Ng3 Qa5 14. Nh4 Qxa2
15. f5 Bd4 16. Bxd4 Nxd4 17. f6 Nec6 18. Qd2 Kh8 19. Qh6 Rg8 20. Nxg6+ Rxg6 21.
Qf8+ Rg8 22. Qxf7 Rb7 23. Qh5 Ne5 24. g5 Nf7 25. e5 Rxg5 26. Qxg5 Nxg5 27. Bxb7
Bxb7 28. exd6 Qd5 29. Rf2 Nh3+ 30. Kf1 Nxf2 0-1

[Event "Gaylord (NMO/5/9)"]
[Site "?"]
[Date "1995.??.??"]
[Round "?"]
[White "Smeckert, Dennis"]
[Black "Blanchard, Robert"]
[Result "0-1"]
[WhiteElo "1605"]
[BlackElo "1660"]
[PlyCount "112"]
[EventDate "1995.??.??"]

{5/(9)} 1. e4 c5 2. Nc3 d6 3. g3 g6 4. Bg2 Bg7 5. d3 Nc6 6. f4 e6 7. Nf3 Nge7
8. O-O O-O 9. Ne2 Rb8 10. c3 b5 11. Be3 Qc7 12. Qd2 f5 13. h3 Bb7 14. Ng5 Qd7
15. g4 h6 16. Nf3 Qc7 17. Qe1 a5 18. Ng3 b4 19. gxf5 exf5 20. exf5 Nxf5 21.
Nxf5 gxf5 22. Nh4 Ne7 23. Bxb7 Rxb7 24. Kh2 Kh7 25. Bd2 Rg8 26. Qe6 Qd7 27.
Qxd7 Rxd7 28. Rae1 Bf6 29. Nf3 Nd5 30. cxb4 axb4 31. d4 Rdg7 32. Rg1 Rxg1 33.
Rxg1 Rxg1 34. Kxg1 c4 35. Bc1 c3 36. bxc3 Nxc3 37. a3 Ne2+ 38. Kf1 Nxc1 39.
axb4 Nb3 40. b5 Nxd4 41. b6 Nc6 42. Ke2 Na5 43. Kd3 Bd8 44. Kc3 Kg6 45. Kb4
Bxb6 46. Kb5 Bd8 47. Nd4 Kf6 48. h4 h5 49. Ne2 Nb3 50. Kc6 Be7 51. Kd7 Bf8 52.
Nc3 Kg6 53. Ke6 Nd4+ 54. Kd5 Nf3 55. Ne2 Nxh4 56. Ke6 Ng2 0-1

[Event "Lansing (Mini-Swiss.3/3)"]
[Site "?"]
[Date "1995.??.??"]
[Round "?"]
[White "Smeckert, Dennis"]
[Black "Belill, Nathan"]
[Result "0-1"]
[WhiteElo "1605"]
[BlackElo "1605"]
[PlyCount "46"]
[EventDate "1995.??.??"]

{3/(3)} 1. e4 e5 2. Bc4 Nf6 3. d3 Bc5 4. Be3 Bb6 5. Bxb6 axb6 6. Qd2 O-O 7. f4
d6 8. f5 Nc6 9. a3 d5 10. exd5 Nxd5 11. Nf3 Bxf5 12. O-O Re8 13. Nc3 Nf4 14.
Ne2 Nxe2+ 15. Qxe2 e4 16. dxe4 Bxe4 17. Bxf7+ Kxf7 18. Ng5+ Kg8 19. Qg4 Bxc2
20. Ne6 Qe7 21. Qc4 Kh8 22. Qf4 Bd3 23. Qf8+ Rxf8 0-1

[Event "Lansing (Mini-Swiss.2/1)"]
[Site "?"]
[Date "1995.??.??"]
[Round "?"]
[White "Smeckert, Dennis"]
[Black "Asbury, Victor"]
[Result "1-0"]
[WhiteElo "1605"]
[BlackElo "1605"]
[PlyCount "65"]
[EventDate "1995.??.??"]

{2/(1)} 1. e4 c5 2. Nc3 Nc6 3. g3 g6 4. Bg2 Bg7 5. d3 Nf6 6. f4 O-O 7. Nf3 d6
8. Be3 Qb6 9. Rb1 Be6 10. O-O Ng4 11. Bf2 Nxf2 12. Rxf2 Nd4 13. Rf1 Bg4 14. Nd5
Qd8 15. c3 Nxf3+ 16. Bxf3 Be6 17. g4 Rc8 18. f5 Bxd5 19. exd5 b5 20. Be4 c4 21.
d4 a5 22. Rf2 Qb6 23. g5 b4 24. f6 exf6 25. gxf6 Bh8 26. h4 Qd8 27. Qf3 Qb6 28.
Rff1 Rfe8 29. h5 Re5 30. hxg6 Rg5+ 31. Kh1 hxg6 32. Rg1 Rh5+ 33. Qxh5 1-0

[Event "East Lansing (MOR/5/18)"]
[Site "?"]
[Date "1995.??.??"]
[Round "?"]
[White "Smeckert, Dennis"]
[Black "Alliston, Richard"]
[Result "1-0"]
[WhiteElo "1605"]
[BlackElo "1605"]
[PlyCount "87"]
[EventDate "1995.??.??"]

{5/(18)} 1. e4 e5 2. Nf3 d6 3. Bc4 Be7 4. Nc3 Nc6 5. d3 Bd7 6. Be3 a6 7. Qd2
Na5 8. h4 Nxc4 9. dxc4 Nf6 10. Bg5 Bg4 11. O-O-O h6 12. Bxf6 Bxf6 13. Nd5 Bxf3
14. gxf3 Bxh4 15. Rxh4 c6 16. Nb6 Qxb6 17. Qxd6 Rd8 18. Qxe5+ Kf8 19. c5 Rxd1+
20. Kxd1 Qd8+ 21. Qd6+ Ke8 22. Rg4 g6 23. e5 g5 24. Rd4 Qxd6 25. cxd6 Kd7 26.
a4 h5 27. Rb4 b5 28. axb5 axb5 29. c4 Rb8 30. c5 h4 31. Rg4 Rg8 32. f4 h3 33.
fxg5 Rh8 34. Rg1 Rh4 35. Rh1 Ke6 36. f4 Rxf4 37. Rxh3 Rd4+ 38. Ke2 Rg4 39. Rh6+
Kxe5 40. d7 Rb4 41. d8=Q Rxb2+ 42. Ke1 Rb1+ 43. Kd2 Rb4 44. Qd6+ 1-0

[Event "East Lansing (Class DE/1/11)"]
[Site "?"]
[Date "1995.??.??"]
[Round "?"]
[White "Smeckert, Dennis"]
[Black "Aldrich, Justin"]
[Result "1-0"]
[WhiteElo "1605"]
[BlackElo "1605"]
[PlyCount "107"]
[EventDate "1995.??.??"]

{1/(11)} 1. e4 e5 2. Nf3 d6 3. Bc4 Be7 4. d3 Bg4 5. Nc3 Nc6 6. Be3 Na5 7. Qd2
Nxc4 8. dxc4 c6 9. O-O-O Be6 10. c5 dxc5 11. Qxd8+ Bxd8 12. Nxe5 Bf6 13. Nd3
Bxc3 14. bxc3 b6 15. Ne5 f6 16. Rd6 Bxa2 17. Nxc6 Bc4 18. Rhd1 Kf7 19. Rd7+ Kg6
20. Nxa7 f5 21. R1d6+ Kh5 22. Rxg7 fxe4 23. h3 Re8 24. Rxg8 Be6 25. Rxh8 Rxh8
26. Rxe6 h6 27. Rxb6 Rh7 28. Rc6 c4 29. Nb5 Rh8 30. g3 Rh7 31. Na3 Rh8 32. Nxc4
Rh7 33. Nd2 Rh8 34. Rxh6+ Rxh6 35. Bxh6 Kxh6 36. Nxe4 Kg6 37. Kd2 Kf5 38. Ke3
Ke5 39. h4 Ke6 40. Kf4 Kf7 41. c4 Ke6 42. c5 Ke7 43. Kf5 Kd7 44. Kf6 Kc6 45. h5
Kd5 46. h6 Kxe4 47. c6 Kd5 48. c7 Ke4 49. c8=Q Kf3 50. h7 Kxf2 51. h8=Q Kxg3
52. Qf5 Kg2 53. Qg8+ Kh2 54. Qfh7# 1-0

[Event "Grand Rapids (MI Am/3/14)"]
[Site "?"]
[Date "1995.??.??"]
[Round "?"]
[White "Smeckert, Dennis"]
[Black "Aldrich, Jeff"]
[Result "0-1"]
[WhiteElo "1605"]
[BlackElo "1935"]
[PlyCount "42"]
[EventDate "1995.??.??"]

{3/(14)} 1. e4 c6 2. d4 d5 3. Nc3 dxe4 4. Nxe4 Nf6 5. Ng3 e6 6. Be2 c5 7. dxc5
Qxd1+ 8. Bxd1 Bxc5 9. N1e2 Nc6 10. O-O O-O 11. c3 b5 12. Be3 Bxe3 13. fxe3 a6
14. Nf4 Ne5 15. Bc2 Bb7 16. Rad1 Nc4 17. Bb3 Nxe3 18. Nxe6 fxe6 19. Bxe6+ Kh8
20. Rxf6 Rxf6 21. Rd7 Raf8 0-1

[Event "Troy (TCC/5/5)"]
[Site "?"]
[Date "1995.??.??"]
[Round "?"]
[White "Small, L."]
[Black "Turner, Keita"]
[Result "1-0"]
[WhiteElo "2060"]
[BlackElo "1900"]
[PlyCount "49"]
[EventDate "1995.??.??"]

{5/(5)} 1. e4 c5 2. d4 cxd4 3. c3 Nf6 4. e5 Nd5 5. cxd4 Nc6 6. Nc3 Nxc3 7. bxc3
d6 8. exd6 Qxd6 9. Nf3 Bg4 10. Be2 g6 11. Rb1 Rb8 12. Be3 Bg7 13. O-O b6 14. d5
Bxf3 15. Bxf3 Ne5 16. Be2 O-O 17. c4 Rbc8 18. Qa4 Rfd8 19. Qxa7 Nxc4 20. Bxc4
Rxc4 21. Rxb6 Qxd5 22. Qxe7 Rc2 23. a4 Ra2 24. Bg5 f6 25. Rb7 1-0

[Event "Troy (TCC/4/6)"]
[Site "?"]
[Date "1995.??.??"]
[Round "?"]
[White "Small, L."]
[Black "Mankiewicz, Ryan"]
[Result "1-0"]
[WhiteElo "2060"]
[BlackElo "2000"]
[PlyCount "83"]
[EventDate "1995.??.??"]

{4/(6)} 1. e4 e6 2. d4 d5 3. Nc3 Nf6 4. Bg5 Be7 5. exd5 Nxd5 6. Bd2 O-O 7. Nf3
c5 8. dxc5 Bxc5 9. Nxd5 Qxd5 10. Bd3 f6 11. O-O Bd7 12. Qe2 Re8 13. Be4 Qh5 14.
Bxb7 Bb5 15. c4 Bc6 16. Bxc6 Nxc6 17. Bc3 Rad8 18. Rad1 Bd6 19. Qe4 Bxh2+ 20.
Nxh2 Rxd1 21. Qxc6 Kf7 22. Qf3 Rxf1+ 23. Nxf1 Qxf3 24. gxf3 e5 25. Ne3 Rd8 26.
Kf1 h5 27. Ke2 Ke6 28. b4 h4 29. b5 h3 30. Kf1 h2 31. Kg2 Rh8 32. Kh1 Rh3 33.
a4 Rxf3 34. a5 Kd7 35. c5 Rxf2 36. c6+ Kc7 37. Nd5+ Kd6 38. c7 Kd7 39. b6 axb6
40. axb6 Rf1+ 41. Kxh2 Rb1 42. Ne7 1-0

[Event "Troy (TCC/3/4)"]
[Site "?"]
[Date "1995.??.??"]
[Round "?"]
[White "Small, L."]
[Black "Kende, M."]
[Result "0-1"]
[WhiteElo "2060"]
[BlackElo "1990"]
[PlyCount "49"]
[EventDate "1995.??.??"]

{3/(4)} 1. c4 e5 2. Nc3 Nc6 3. Nf3 f5 4. d3 Nf6 5. e3 d6 6. a3 a5 7. Qc2 g6 8.
b3 Bg7 9. Bb2 Bd7 10. Rd1 O-O 11. e4 fxe4 12. dxe4 Bg4 13. Nb5 Bxf3 14. gxf3
Nh5 15. c5 Qf6 16. cxd6 cxd6 17. Rxd6 Qxf3 18. Rg1 Rac8 19. Bc4+ Kh8 20. Qe2
Qh3 21. f3 Rxf3 22. Be6 Qh4+ 23. Kd1 Rcf8 24. Rd7 Rf2 25. Qe3 {[Remainder
illegible; 0-1, 34?]} 0-1

[Event "East Lansing (MOR/7/39)"]
[Site "?"]
[Date "1995.??.??"]
[Round "?"]
[White "Smalec, Joseph"]
[Black "Woods, I."]
[Result "0-1"]
[WhiteElo "1605"]
[BlackElo "1605"]
[PlyCount "32"]
[EventDate "1995.??.??"]

{7/(39)} 1. d4 Nf6 2. Nc3 g6 3. Nf3 Bg7 4. e3 d6 5. Be2 Nbd7 6. Bd2 O-O 7. O-O
c5 8. a3 b6 9. b3 e5 10. h3 e4 11. Nh2 d5 12. Bb5 Bb7 13. Bxd7 Nxd7 14. dxc5
bxc5 15. Qe2 a6 16. b4 c4 0-1

[Event "Grand Rapids (MI Am/2/34)"]
[Site "?"]
[Date "1995.??.??"]
[Round "?"]
[White "Smalec, Joseph"]
[Black "Vander Horst, D."]
[Result "0-1"]
[WhiteElo "1605"]
[BlackElo "1605"]
[PlyCount "30"]
[EventDate "1995.??.??"]

{2/(34)} 1. d4 d5 2. Nc3 Nf6 3. Bg5 Nc6 4. Nf3 h6 5. Bxf6 exf6 6. Na4 Bd6 7.
Nc3 Be6 8. e4 Qe7 9. Be2 dxe4 10. Nxe4 Bd5 11. Nc3 Bxf3 12. gxf3 O-O-O 13. Qd3
Bb4 14. O-O-O Nxd4 15. Qc4 Bxc3 0-1

[Event "Lansing (Mini-Swiss.3/2)"]
[Site "?"]
[Date "1995.??.??"]
[Round "?"]
[White "Smalec, Joseph"]
[Black "Stadler, J."]
[Result "1-0"]
[WhiteElo "1605"]
[BlackElo "1605"]
[PlyCount "83"]
[EventDate "1995.??.??"]

{3/(2)} 1. d4 Nf6 2. Nf3 e6 3. Nc3 d5 4. e3 Be7 5. Be2 O-O 6. Bd2 c5 7. a3 cxd4
8. exd4 Nc6 9. O-O a6 10. Be3 Qc7 11. Qd2 Ne4 12. Nxe4 dxe4 13. Ne1 b5 14. c3
f5 15. b4 f4 16. d5 fxe3 17. Qd1 Qf4 18. f3 exf3 19. Rxf3 Qe4 20. Rxf8+ Kxf8
21. dxc6 Qxc6 22. Bf3 Qxc3 23. Bxa8 Qe5 24. Rc1 e2 25. Rxc8+ Kf7 26. Qd2 Bg5
27. Rc5 Qe3+ 28. Qxe3 Bxe3+ 29. Kh1 Bxc5 30. bxc5 Ke7 31. Kg1 Kd7 32. c6+ Kc7
33. Kf2 a5 34. Nc2 Kb8 35. Bb7 Kc7 36. Kxe2 Kd8 37. Ba6 b4 38. axb4 axb4 39.
Nxb4 Kc7 40. Nc2 Kb6 41. Bb7 Kc7 42. Nd4 1-0

[Event "East Lansing (MOR/1a/22)"]
[Site "?"]
[Date "1995.??.??"]
[Round "?"]
[White "Smalec, Joseph"]
[Black "Spencer, Gordon"]
[Result "1-0"]
[WhiteElo "1605"]
[BlackElo "1605"]
[PlyCount "33"]
[EventDate "1995.??.??"]

1. d4 Nf6 2. Nc3 d5 3. h3 e6 4. a3 c5 5. e3 Nbd7 6. Nf3 Be7 7. Be2 O-O 8. Bd2
a6 9. O-O b5 10. dxc5 Bxc5 11. b4 Be7 12. Bd3 Bb7 13. Na2 Nb6 14. Bc3 Nc4 15.
Ng5 h6 16. Bxf6 hxg5 17. Qh5 1-0

[Event "East Lansing (MOR/5/39)"]
[Site "?"]
[Date "1995.??.??"]
[Round "?"]
[White "Smalec, Joseph"]
[Black "Rosebrook, G."]
[Result "0-1"]
[WhiteElo "1605"]
[BlackElo "1605"]
[PlyCount "40"]
[EventDate "1995.??.??"]

{5/(39)} 1. d4 Nf6 2. Nc3 d6 3. e3 a6 4. Nf3 Nc6 5. h3 g6 6. Bc4 e6 7. d5 Ne7
8. e4 e5 9. Bg5 Bg7 10. O-O Bd7 11. Bxf6 Bxf6 12. Qd2 Qc8 13. b3 b5 14. Bd3 c6
15. Rad1 c5 16. Qe2 Ng8 17. a3 Be7 18. Nh2 Nf6 19. Nf3 Nh5 20. Qe3 Bxh3 0-1

[Event "Troy (US Am N/2/39)"]
[Site "?"]
[Date "1995.??.??"]
[Round "?"]
[White "Smalec, Joseph"]
[Black "Nixon, Peter"]
[Result "0-1"]
[WhiteElo "1605"]
[BlackElo "1605"]
[PlyCount "38"]
[EventDate "1995.??.??"]

{2/(39)} 1. Nf3 Nf6 2. Ne5 d6 3. Nxf7 Kxf7 4. e3 g6 5. Bc4+ e6 6. Nc3 Bg7 7. e4
Nc6 8. d4 Re8 9. O-O Na5 10. e5 Nxc4 11. exf6 Qxf6 12. Qd3 Qxd4 13. Qf3+ Qf6
14. Qd3 d5 15. Nxd5 exd5 16. Qxd5+ Qe6 17. Qf3+ Bf6 18. Bg5 Kg7 19. Rfe1 Qxe1+
0-1

[Event "Ann Arbor (HVA/5/8)"]
[Site "?"]
[Date "1995.??.??"]
[Round "?"]
[White "Smalec, Joseph"]
[Black "Lindsey, P."]
[Result "0-1"]
[WhiteElo "1605"]
[BlackElo "1605"]
[PlyCount "44"]
[EventDate "1995.??.??"]

{5/(8)} 1. d4 d5 2. Nc3 Nf6 3. Nf3 c5 4. dxc5 Nc6 5. e3 e6 6. Bb5 Bd7 7. Bd2
Bxc5 8. O-O a6 9. Bxc6 bxc6 10. Na4 Bd6 11. Qe1 c5 12. Ba5 Bc7 13. Bxc7 Qxc7
14. Qc3 Bxa4 15. b3 Bb5 16. Rfd1 O-O 17. a4 Be2 18. Ng5 h6 19. Nxe6 fxe6 20.
Re1 Ng4 21. Rxe2 Qxh2+ 22. Kf1 Qh1# 0-1

[Event "Grand Rapids (MI Am/5/33)"]
[Site "?"]
[Date "1995.??.??"]
[Round "?"]
[White "Smalec, Joseph"]
[Black "Kyser, Bob"]
[Result "0-1"]
[WhiteElo "1605"]
[BlackElo "1605"]
[PlyCount "28"]
[EventDate "1995.??.??"]

{5/(33)} 1. d4 e6 2. e4 d5 3. e5 Nc6 4. Nf3 Nge7 5. Be2 Nf5 6. Nc3 Nh4 7. O-O
Nxf3+ 8. Bxf3 Bb4 9. Bd2 Nxd4 10. Nxd5 Nxf3+ 11. Qxf3 Bxd2 12. Rad1 exd5 13.
Rxd2 Be6 14. c4 c6 0-1

[Event "Troy (US Am N/4/43)"]
[Site "?"]
[Date "1995.??.??"]
[Round "?"]
[White "Smalec, Joseph"]
[Black "Kim, P."]
[Result "1-0"]
[WhiteElo "1605"]
[BlackElo "1605"]
[PlyCount "45"]
[EventDate "1995.??.??"]

{4/(43)} 1. e4 e5 2. Bc4 Nf6 3. Nc3 b6 4. d3 Bb7 5. Bg5 h6 6. Bh4 g5 7. Bg3 d6
8. Nf3 Nbd7 9. O-O Nh5 10. Nxe5 Nxg3 11. Nxf7 Qf6 12. fxg3 Qd4+ 13. Kh1 Rh7 14.
Nb5 Qc5 15. b4 Qc6 16. Qh5 Ke7 17. Qg6 d5 18. Qxh7 Ke8 19. exd5 Nf6 20. dxc6
Nxh7 21. cxb7 Rb8 22. Bd5 Bxb4 23. Nxc7+ 1-0

[Event "Ann Arbor (HVA/1/9)"]
[Site "?"]
[Date "1995.??.??"]
[Round "?"]
[White "Smalec, Joseph"]
[Black "Jointer, William"]
[Result "0-1"]
[WhiteElo "1605"]
[BlackElo "1700"]
[PlyCount "56"]
[EventDate "1995.??.??"]

{1/(9)} 1. d4 g6 2. e4 Bg7 3. Nf3 d6 4. Nc3 Nf6 5. Bc4 O-O 6. Bf4 Nxe4 7. Nxe4
d5 8. Bxc7 Qxc7 9. Bxd5 Qa5+ 10. Nc3 Rd8 11. Bc4 Bg4 12. h3 Rxd4 13. Qxd4 Bxd4
14. hxg4 Bxc3+ 15. Kd1 Bxb2 16. Rb1 Qd8+ 17. Bd3 Bd4 18. Ng5 e5 19. Ne4 f5 20.
Rxb7 fxe4 21. Rbxh7 Qg5 22. Rh8+ Kg7 23. R1h7+ Kf6 24. Rf8+ Ke6 25. Bc4+ Kd6
26. f3 Bc3 27. Ke2 Qd2+ 28. Kf1 Qe1# 0-1

[Event "East Lansing (MOR/3/34)"]
[Site "?"]
[Date "1995.??.??"]
[Round "?"]
[White "Smalec, Joseph"]
[Black "Gramlich, Allen"]
[Result "0-1"]
[WhiteElo "1605"]
[BlackElo "1605"]
[PlyCount "74"]
[EventDate "1995.??.??"]

{3/(34)} 1. d4 Nf6 2. Nc3 g6 3. Nf3 Bg7 4. e3 d6 5. h3 O-O 6. Bd2 Bf5 7. Be2 c5
8. O-O Qd7 9. dxc5 dxc5 10. Bb5 Qc7 11. Qe2 Rd8 12. e4 Be6 13. Bc4 Bxc4 14.
Qxc4 Nc6 15. Be3 b6 16. Ng5 Ne5 17. Qb3 c4 18. Qb5 Rab8 19. Bf4 Nfd7 20. Nd5
Qd6 21. Rad1 Nc5 22. Nc3 Nf3+ 23. Nxf3 Qxf4 24. Nd5 Qd6 25. Ne3 Qe6 26. Nd5
Rdc8 27. Ng5 Qe5 28. Nf3 Qd6 29. Qxc4 Bxb2 30. c3 Ne6 31. Qb3 Qa3 32. Nxe7+
Qxe7 33. Qxb2 Nc5 34. e5 Na4 35. Qb5 Nxc3 36. Rd7 Qe8 37. Qd3 Nxa2 0-1

[Event "East Lansing (Beg/1/11)"]
[Site "?"]
[Date "1995.??.??"]
[Round "?"]
[White "Smalec, Joseph"]
[Black "Clark, R."]
[Result "0-1"]
[WhiteElo "1605"]
[BlackElo "1605"]
[PlyCount "76"]
[EventDate "1995.??.??"]

{1/(11)} 1. e4 c6 2. Nf3 d5 3. exd5 cxd5 4. Be2 Nd7 5. O-O Ngf6 6. d4 e6 7. Ne5
Qc7 8. Nc3 a6 9. Nxd7 Qxd7 10. Bg5 Be7 11. Bxf6 Bxf6 12. Bd3 Bxd4 13. Qg4 Bf6
14. b3 Bxc3 15. Rac1 g6 16. Qf3 O-O 17. Bxg6 Bg7 18. Bd3 b5 19. Qh5 f5 20. c4
dxc4 21. Be2 Bb7 22. bxc4 Qc6 23. Bf3 Qb6 24. Bxb7 Qxb7 25. cxb5 axb5 26. Qe2
Qb6 27. Rc3 Rac8 28. Rxc8 Rxc8 29. Rb1 b4 30. a3 bxa3 31. Rxb6 Rc1+ 32. Qf1
Rxf1+ 33. Kxf1 a2 34. Ra6 a1=Q+ 35. Rxa1 Bxa1 36. Ke2 Kf7 37. Kf3 Kf6 38. g4
fxg4+ 0-1